Sustainable Management of Protected Areas in THe Andaman Nicobar Islands.: Reference (Record no. 603488)

MARC details
000 -LEADER
fixed length control field 00581nam a2200145Ia 4500
008 - FIXED-LENGTH DATA ELEMENTS--GENERAL INFORMATION
fixed length control field 100415s9999 xx 000 0 und d
082 ## - DEWEY DECIMAL CLASSIFICATION NUMBER
Item number 20606
Classification number 574.5(5488)
100 ## - MAIN ENTRY--PERSONAL NAME
Personal name ANDREWS, HARRY V.(EDITOR)
245 ## - TITLE STATEMENT
Title Sustainable Management of Protected Areas in THe Andaman Nicobar Islands.: Reference
260 ## - PUBLICATION, DISTRIBUTION, ETC. (IMPRINT)
Place of publication, distribution, etc NEW DELHI
Date of publication, distribution, etc 2002
Name of publisher, distributor, etc ANET, IIPA AND FFI
365 ## - TRADE PRICE
Price amount 1
630 ## - SUBJECT ADDED ENTRY--UNIFORM TITLE
Uniform title Sustainable Management of Protected Areas in THe Andaman Nicobar Islands.: Reference
730 ## - ADDED ENTRY--UNIFORM TITLE
Uniform title Sustainable Management of Protected Areas in THe Andaman Nicobar Islands.: Reference
942 ## - ADDED ENTRY ELEMENTS (KOHA)
Koha item type Book
Holdings
Withdrawn status Lost status Damaged status Not for loan Home library Current library Date acquired Cost, normal purchase price Total Checkouts Full call number Barcode Date last seen Price effective from Koha item type
        Bombay Natural History Society Bombay Natural History Society 07/18/2003 1.00   574.5(5488) 20606 BNHS-20606 04/15/2010 04/15/2010 Book